Christmas! Find the Mystery Person... - Statistics

General Stats
  • This quiz has been taken 34 times
  • The average score is 9 of 13
Answers on the Map
Answers color-coded by a green-red scale on the quiz's map according to % correct below.
 
Answer Stats
Hint Answer % Correct
Something we usually find under the tree, that everyone loves Gifts
97%
Colours of the big jolly man Red
97%
What we put at the tip of the tree Star
97%
White
97%
Plant under which we have to kiss Mistletoe
94%
The thing where the big jolly man comes down from Chimney
90%
Drink we leave for the big jolly man Milk
90%
Reindeer with a very shiny nose Rudolph
90%
Country of origin of the Christmas tree Germany
65%
Mystery person Santa Claus
61%
Fictional person who punishes the bad kids Krampus
45%
Little lights, usually coloured, that we put to decorate Garlands
6%
Name of the Alsatian gingerbread man Mannele
3%
No matching quizzes found
Score Distribution
Percent of People with Each Score
Percentile by Number Answered
Your Score History
You have not taken this quiz